[Event "44th Olympiad Women 2022"]
[Site "Chennai IND"]
[Date "2022.07.29"]
[Round "1.10"]
[White "Balabayeva, Xeniya"]
[Black "Natareno, Elvia"]
[Result "1-0"]
[WhiteElo "2198"]
[BlackElo "1581"]
[EventDate "2022.07.29"]
[Board "3"]
[WhiteFideId "13719688"]
[BlackFideId "7301251"]

1. e4 c5 2. Nf3 Nc6 3. Bb5 g6 4. O-O Bg7 5. Re1 d6 6. c3 Nf6 7. e5 Nd5 8.
d4 cxd4 9. Nxd4 O-O 10. Nxc6 bxc6 11. Bxc6 Nb6 12. exd6 exd6 13. Bxa8 Nxa8
14. Be3 Nb6 15. Bd4 f6 16. Nd2 Bb7 17. Nf1 Qd7 18. Bxb6 axb6 19. Qb3+ Kh8
20. Qxb6 h5 21. Rad1 d5 22. Qb4 Rf7 23. Nd2 Bf8 24. Qd4 Qb5 25. Nb3 Qd7 26.
Nc5 Bxc5 27. Qxc5 h4 28. Re3 Qg4 29. Qd4 Qf5 30. Qxh4+ Kg7 31. Re8 Qh5 32.
Qxh5 gxh5 33. Rde1 Kg6 34. R1e7 Rxe7 35. Rxe7 Ba6 36. a4 Kf5 37. b4 Kg5 38.
b5 Bc8 39. a5 f5 40. a6 Kf6 41. Rc7 Be6 42. a7 Ke5 43. a8=Q d4 44. Qh8+ Kd6
45. Rc6+ Ke7 46. Qg7+ Bf7 47. Qe5+ Kd8 48. Qd6+ 1-0

[Event "44th Olympiad Women 2022"]
[Site "Chennai IND"]
[Date "2022.07.29"]
[Round "1.10"]
[White "Lopez L., Dairyn D."]
[Black "Nakhbayeva, Guliskhan"]
[Result "0-1"]
[WhiteElo "1574"]
[BlackElo "2329"]
[EventDate "2022.07.29"]
[Board "4"]
[WhiteFideId "7301502"]
[BlackFideId "13704788"]

1. d4 Nf6 2. Bf4 d5 3. e3 c5 4. c3 Nc6 5. Nf3 Nh5 6. Bg3 Nxg3 7. hxg3 Qb6
8. Qb3 e6 9. Nbd2 Bd7 10. Be2 Bd6 11. O-O O-O 12. Rab1 Qc7 13. Qc2 Rac8 14.
Ng5 g6 15. Ndf3 e5 16. dxe5 Nxe5 17. Rbd1 Bc6 18. Nh2 Qe7 19. Ngf3 Rcd8 20.
Rfe1 b5 21. Nh4 Nd7 22. Qd2 Nf6 23. Bd3 b4 24. f4 Rfe8 25. N2f3 Ne4 26. Qc2
bxc3 27. bxc3 Nxg3 28. f5 Ne4 29. fxg6 hxg6 30. Rf1 Bg3 31. Bxe4 Qxe4 32.
Qxe4 dxe4 33. Rxd8 Rxd8 34. Ng5 Bxh4 35. Nxf7 Rf8 36. Nd6 Rxf1+ 37. Kxf1
Bg3 38. Nc8 Bb5+ 39. Kg1 a5 40. Nb6 Kf7 41. a4 Bc6 42. Nc4 Bc7 43. Nb2 Be5
44. Nc4 Bxc3 45. Kf2 Ke6 46. g4 Bxa4 47. Kg3 g5 48. Nb6 Bb3 49. Kf2 a4 0-1

[Event "44th Olympiad Women 2022"]
[Site "Chennai IND"]
[Date "2022.07.29"]
[Round "1.11"]
[White "Smith, Olivia"]
[Black "Vantika, Agrawal"]
[Result "0-1"]
[WhiteElo "2038"]
[BlackElo "2371"]
[EventDate "2022.07.29"]
[Board "1"]
[WhiteFideId "411850"]
[BlackFideId "25050389"]

1. e4 c5 2. Nf3 d6 3. Bb5+ Nd7 4. Ba4 Nf6 5. O-O e6 6. d3 Be7 7. c4 O-O 8.
Nc3 a6 9. Qe2 Qc7 10. Nd2 Nb6 11. Bc2 e5 12. a3 a5 13. Nb5 Qd8 14. Nb1 Ne8
15. f4 exf4 16. Bxf4 Bg5 17. Bg3 Be6 18. N1c3 Bh4 19. Bf4 Bg5 20. Bg3 Nc8
21. Nd5 Bxd5 22. exd5 g6 23. Nc3 Nf6 24. Ba4 Nh5 25. Ne4 Nxg3 26. hxg3 h5
27. Qf3 Kg7 28. Rae1 Be7 29. Re2 Nb6 30. Bb5 Nd7 31. Bxd7 Qxd7 32. Nf6 Qd8
33. Ref2 Bxf6 34. Qxf6+ Qxf6 35. Rxf6 Rad8 36. R6f4 f5 37. d4 b6 38. b4
axb4 39. axb4 cxd4 40. Rxd4 Kf6 41. Re1 Rfe8 42. Kf2 Rxe1 43. Kxe1 Ke5 44.
Rd3 Rc8 45. Re3+ Kd4 46. Re6 Rxc4 47. Rxd6 Rxb4 48. Rxg6 Kxd5 49. Rg5 Ke4
50. Rxh5 Rb1+ 51. Kf2 Rb2+ 52. Kf1 b5 53. Rh8 b4 54. Re8+ Kd3 55. Re5 b3
56. Rxf5 Rc2 0-1

[Event "44th Olympiad Women 2022"]
[Site "Chennai IND"]
[Date "2022.07.29"]
[Round "1.11"]
[White "Soumya, Swaminathan"]
[Black "Chong, Kimberly"]
[Result "1-0"]
[WhiteElo "2335"]
[BlackElo "1741"]
[EventDate "2022.07.29"]
[Board "2"]
[WhiteFideId "5016193"]
[BlackFideId "1804723"]

1. e4 d5 2. exd5 Nf6 3. Nf3 Nxd5 4. d4 g6 5. c4 Nb6 6. h3 Bg7 7. c5 Nd5 8.
Bc4 O-O 9. Qb3 e6 10. Bg5 f6 11. Bd2 b6 12. Nc3 Re8 13. O-O-O Nxc3 14. Bxc3
a5 15. cxb6 cxb6 16. a4 Na6 17. Rhe1 Qd6 18. Nd2 Bh6 19. Kb1 Bxd2 20. Rxd2
Bd7 21. Rde2 Nc7 22. Bd2 Nd5 23. Qf3 Kf7 24. Bb3 Nc7 25. Bf4 Qc6 26. Qxc6
Bxc6 27. Bxc7 Bd7 28. Ka2 b5 29. axb5 a4 30. Bc4 Rac8 31. b6 h5 32. f4 f5
33. d5 exd5 34. Bxd5+ Kf8 35. Bd6+ Kg7 36. Rxe8 Bxe8 37. b7 1-0

[Event "44th Olympiad Women 2022"]
[Site "Chennai IND"]
[Date "2022.07.29"]
[Round "1.12"]
[White "Gara, Ticia"]
[Black "Chung Hurtado, Yaleika"]
[Result "1-0"]
[WhiteElo "2367"]
[BlackElo "1696"]
[EventDate "2022.07.29"]
[Board "1"]
[WhiteFideId "717444"]
[BlackFideId "6600603"]

1. e4 c6 2. d4 d5 3. e5 c5 4. Nf3 Bg4 5. dxc5 e6 6. c3 Bxf3 7. Qxf3 Bxc5 8.
Qg3 Bf8 9. Bd3 Nc6 10. O-O h5 11. Re1 Nh6 12. Bg5 Qc7 13. h3 a6 14. Nd2 Ne7
15. c4 Nhf5 16. Qf3 Rd8 17. Bxf5 exf5 18. Bxe7 Bxe7 19. cxd5 Bb4 20. Re2
Qa5 21. Nc4 Qb5 22. Ne3 g6 23. d6 O-O 24. Nd5 Bc5 25. Rd1 Qa4 26. b3 Qa3
27. Ne7+ Kg7 28. Qxb7 Rb8 29. Qf3 Rbd8 30. Rc2 Bb6 31. Kh2 Qb4 1-0

[Event "44th Olympiad Women 2022"]
[Site "Chennai IND"]
[Date "2022.07.29"]
[Round "1.12"]
[White "Vasquez Jaen, Lourdes Lorena"]
[Black "Lazarne Vajda, Szidonia"]
[Result "1/2-1/2"]
[WhiteElo "1653"]
[BlackElo "2313"]
[EventDate "2022.07.29"]
[Board "2"]
[WhiteFideId "6605559"]
[BlackFideId "723894"]

1. e4 c6 2. d4 d5 3. exd5 cxd5 4. Bd3 Nc6 5. c3 Nf6 6. Bf4 e6 7. Nf3 Nh5 8.
Bg5 Be7 9. Bxe7 Qxe7 10. O-O O-O 11. Ne5 Nf4 12. Bc2 Nxe5 13. dxe5 f5 14.
Qf3 Ng6 15. Re1 Bd7 16. Nd2 Bc6 17. Qh3 d4 18. Nf3 dxc3 19. bxc3 Rac8 20.
Bb3 Bxf3 21. Qxf3 Rc5 22. Rad1 Kh8 23. Rd6 Rxe5 24. Rxe5 Nxe5 25. Qd1 Qh4
26. h3 h6 27. Rxe6 Nc6 28. Qd7 Qg5 29. Re8 Qc1+ 30. Kh2 Qf4+ 31. Kg1 Qc1+
32. Kh2 Qf4+ 33. Kg1 1/2-1/2

[Event "44th Olympiad Women 2022"]
[Site "Chennai IND"]
[Date "2022.07.29"]
[Round "1.12"]
[White "Gaal, Zsoka"]
[Black "Rondon Chacon, Yolys Desiree"]
[Result "1-0"]
[WhiteElo "2313"]
[BlackElo "1688"]
[EventDate "2022.07.29"]
[Board "3"]
[WhiteFideId "777765"]
[BlackFideId "3903508"]

1. Nf3 Nf6 2. g3 g6 3. Bg2 Bg7 4. d4 d5 5. c4 c6 6. Qb3 O-O 7. O-O a5 8.
cxd5 a4 9. Qd1 cxd5 10. Nc3 Bd7 11. Ne5 e6 12. e3 b5 13. a3 Na6 14. Bd2 Rb8
15. Qe2 Qb6 16. g4 Rfd8 17. Qf3 Be8 18. g5 Ne4 19. Nxe4 Bxe5 20. Nf6+ Bxf6
21. gxf6 Bc6 22. Qf4 Nc7 23. Bb4 Ne8 24. Be7 Rd7 25. Rac1 Rbb7 26. Qh6 Rxe7
27. fxe7 Rxe7 28. Qf4 Rd7 29. Rc5 Nd6 30. Qf6 Nc4 31. Rb1 Nd2 32. Rbc1 Nc4
33. Rc3 Bb7 34. Bh3 Rd6 35. Qe7 Rc6 36. b3 Na5 37. bxa4 bxa4 38. Bf1 Rxc5
39. Qxc5 Qd8 40. Qc7 Qg5+ 41. Qg3 Qe7 42. Rc5 Nc6 43. Bb5 Nd8 44. Bxa4 Ba6
45. Bd1 Bd3 46. Rc8 Kg7 47. Qe5+ Kh6 48. Qf4+ Kg7 49. h4 h6 50. Qe5+ Kh7
51. Qc7 Nc6 52. Qxe7 Nxe7 53. Rc7 1-0

[Event "44th Olympiad Women 2022"]
[Site "Chennai IND"]
[Date "2022.07.29"]
[Round "1.13"]
[White "Sakai, Azumi"]
[Black "Vega Gutierrez, Sabrina"]
[Result "0-1"]
[WhiteElo "1759"]
[BlackElo "2366"]
[EventDate "2022.07.29"]
[Board "1"]
[WhiteFideId "7001800"]
[BlackFideId "2219026"]

1. d4 d5 2. c4 e6 3. Nf3 c6 4. e3 Nf6 5. b3 Nbd7 6. Bb2 Bd6 7. Bd3 O-O 8.
O-O b6 9. Ne5 Bb7 10. Nd2 a5 11. Qc2 h6 12. e4 Rc8 13. Nxd7 Nxd7 14. e5 Be7
15. f4 c5 16. Qd1 cxd4 17. Bxd4 Nc5 18. Be2 Qd7 19. Nf3 dxc4 20. Bxc4 Bxf3
21. gxf3 b5 22. Be2 Rfd8 23. Bf2 Nd3 24. Bb6 Bc5+ 25. Bxc5 Rxc5 26. Qxd3
Qxd3 27. Bxd3 Rxd3 28. Rad1 Rxd1 29. Rxd1 Rc2 30. Rd8+ Kh7 31. Ra8 Rxa2 32.
b4 a4 33. Ra5 Rb2 34. h3 h5 35. Kf1 h4 36. Kg1 Kg6 37. Kf1 Rxb4 38. Ke2 Rb3
39. Ra7 a3 40. Kf2 b4 41. Ke2 Rb2+ 42. Kd3 a2 0-1

[Event "44th Olympiad Women 2022"]
[Site "Chennai IND"]
[Date "2022.07.29"]
[Round "1.13"]
[White "Matnadze, Ana"]
[Black "Kojima, Natsumi"]
[Result "1-0"]
[WhiteElo "2406"]
[BlackElo "1782"]
[EventDate "2022.07.29"]
[Board "2"]
[WhiteFideId "13601377"]
[BlackFideId "7002181"]

1. d4 e6 2. c4 f5 3. Nf3 Nf6 4. g3 d5 5. Bg2 c6 6. O-O Bd6 7. Bf4 O-O 8.
Nbd2 Ne4 9. Qb3 Bxf4 10. gxf4 Nd7 11. Qe3 Rf6 12. Rad1 Rh6 13. Nxe4 fxe4
14. Ne5 Nxe5 15. dxe5 Bd7 16. h3 Qh4 17. Qg3 Qh5 18. Qg4 Qf7 19. e3 Rf8 20.
f3 Rg6 21. Qh4 Qf5 22. Qf2 Be8 23. Kh2 exf3 24. Bxf3 Rh6 25. Qg2 Bh5 26.
Rg1 Rg6 27. Bg4 Bxg4 28. hxg4 Rh6+ 29. Kg3 Rg6 30. Kh2 Rh6+ 31. Kg3 Rg6 32.
Qe2 a6 33. b3 Qf7 34. Rh1 Qe7 35. Rh5 Qc5 36. Rd4 a5 37. Qh2 h6 38. Qc2 Kh7
39. Kf3 dxc4 40. Rd7 Qb5 41. Rxh6+ 1-0

[Event "44th Olympiad Women 2022"]
[Site "Chennai IND"]
[Date "2022.07.29"]
[Round "1.13"]
[White "Eizaguerri Floris, Maria"]
[Black "Arai, Yuki"]
[Result "1-0"]
[WhiteElo "2176"]
[BlackElo "1495"]
[EventDate "2022.07.29"]
[Board "4"]
[WhiteFideId "32065752"]
[BlackFideId "7002190"]

1. e4 e5 2. Nf3 Nc6 3. Bb5 a6 4. Ba4 Nf6 5. O-O Be7 6. Re1 b5 7. Bb3 O-O 8.
c3 d6 9. d4 Bg4 10. Be3 Na5 11. Bc2 Nc4 12. Bc1 c5 13. b3 Nb6 14. Be3 Qc7
15. d5 a5 16. a4 bxa4 17. bxa4 Nc4 18. Bc1 Rfb8 19. Qe2 Nb6 20. Na3 Qd8 21.
Nb5 Bd7 22. Bd3 Ne8 23. Bd2 Nc7 24. Reb1 Nc8 25. c4 Nxb5 26. cxb5 Bg4 27.
h3 Bxf3 28. Qxf3 Bg5 29. Be1 Qf6 30. Qe2 Ne7 31. b6 Ng6 32. g3 Qd8 33. b7
Ra7 34. Ba6 Ne7 35. Qb5 f5 36. Bxa5 Qf8 37. Bc7 fxe4 38. Bxb8 Qxb8 39. Qb6
Nxd5 40. Qxa7 Qxa7 41. b8=Q+ Qxb8 42. Rxb8+ Kf7 43. Bc4 Kg6 44. Bxd5 e3 45.
fxe3 Bxe3+ 46. Kg2 Kf5 47. Rf1+ Kg6 48. Rd8 1-0

[Event "44th Olympiad Women 2022"]
[Site "Chennai IND"]
[Date "2022.07.29"]
[Round "1.14"]
[White "Forgas Moreno, Yaniela"]
[Black "Nansubuga, Gloria"]
[Result "1-0"]
[WhiteElo "2343"]
[BlackElo "1538"]
[EventDate "2022.07.29"]
[Board "3"]
[WhiteFideId "3508072"]
[BlackFideId "10000887"]

1. e4 e5 2. Nf3 Nc6 3. Bc4 h6 4. c3 Nf6 5. d3 Bc5 6. O-O O-O 7. d4 Bb6 8.
dxe5 Nxe4 9. Qd5 Nxf2 10. Rxf2 Bxf2+ 11. Kxf2 d6 12. exd6 Be6 13. Qe4 Bxc4
14. Qxc4 Qxd6 15. Bf4 Qg6 16. Nbd2 Rfe8 17. Re1 Rxe1 18. Nxe1 Re8 19. Nef3
Qf5 20. h3 Ne7 21. g4 Qf6 22. Bxc7 Ng6 23. Bg3 Qb6+ 24. Qd4 Qxb2 25. h4
Qxa2 26. h5 Nf8 27. g5 Qa6 28. c4 Ne6 29. Qe3 Nc7 30. Qd4 Ne6 31. Qe5 Qb6+
32. Kg2 hxg5 33. Kf1 Qc6 34. Qd5 g4 35. Qxc6 bxc6 36. Ne5 1-0

[Event "44th Olympiad Women 2022"]
[Site "Chennai IND"]
[Date "2022.07.29"]
[Round "1.15"]
[White "Charinda, Kudzanayi"]
[Black "Peycheva, Gergana"]
[Result "0-1"]
[WhiteElo "1719"]
[BlackElo "2295"]
[EventDate "2022.07.29"]
[Board "1"]
[WhiteFideId "11000538"]
[BlackFideId "2916711"]

1. e4 c6 2. d4 d5 3. exd5 cxd5 4. Bd3 Nc6 5. c3 Qc7 6. Nf3 Bg4 7. h3 Bh5 8.
Nbd2 e6 9. O-O Bd6 10. Re1 Nge7 11. Nf1 Bg6 12. Ne3 O-O 13. Ng4 Bxd3 14.
Qxd3 Ng6 15. Qe2 Rfe8 16. Nge5 Nf8 17. Qd3 f6 18. Nxc6 bxc6 19. Bd2 e5 20.
dxe5 fxe5 21. Qc2 Ng6 22. Re2 Qd7 23. Rae1 Rf8 24. Nh2 e4 25. c4 Ne5 26.
cxd5 cxd5 27. Qb3 Nd3 28. Rf1 Bxh2+ 29. Kxh2 Rab8 30. Qd1 Rxb2 31. Be3 Rxe2
32. Qxe2 d4 33. Bd2 Qf5 34. Kg1 h6 35. Bc1 e3 36. f3 Rc8 37. Ba3 Nf4 38.
Qb2 Rc2 39. Qb8+ Kh7 40. Qb1 Rxg2+ 41. Kh1 d3 0-1

[Event "44th Olympiad Women 2022"]
[Site "Chennai IND"]
[Date "2022.07.29"]
[Round "1.15"]
[White "Radeva, Viktoria"]
[Black "Mudodo, Refiloe Hazel"]
[Result "1-0"]
[WhiteElo "2289"]
[BlackElo "1604"]
[EventDate "2022.07.29"]
[Board "4"]
[WhiteFideId "2915405"]
[BlackFideId "11000821"]

1. e4 e6 2. d4 d5 3. e5 c5 4. c3 Nc6 5. Nf3 Qb6 6. Bd3 cxd4 7. O-O Bd7 8.
Re1 Nge7 9. h4 Nf5 10. Bxf5 exf5 11. cxd4 Bb4 12. Re2 O-O 13. a3 Be7 14.
Nc3 Be6 15. b4 a6 16. Rb1 Na7 17. Na4 Qb5 18. Bf4 Rac8 19. Nc5 b6 20. a4
Qc6 21. Nxa6 b5 22. Nc5 Bxc5 23. bxc5 bxa4 24. Reb2 Qd7 25. Rb7 Rc7 26.
Rxc7 Qxc7 27. Qxa4 Nc6 28. Rb6 Rc8 29. Qb5 h6 30. g3 Na7 31. Qa6 Nc6 32.
Kg2 Kh7 33. Qa4 Kg8 34. Ne1 Qa7 35. Ra6 Qb7 36. Rb6 Qa7 37. Qxa7 Nxa7 38.
Nc2 Nc6 39. Be3 Kf8 40. Na3 Bd7 41. Nb5 Rb8 42. Nc7 Rxb6 43. cxb6 Bc8 44.
Nb5 Na5 45. Nd6 Ba6 46. Bc1 h5 47. Ba3 Kg8 48. Bb4 Nc6 49. Bc5 Nd8 50. Nxf5
g6 51. Nd6 Kg7 52. Ne8+ Kg8 53. f3 Bb7 54. Kf2 Ne6 55. Ke3 Bc6 56. Nd6 Nd8
57. g4 hxg4 58. fxg4 Kg7 59. h5 gxh5 60. Nf5+ Kh7 61. gxh5 Bd7 62. Ng3 Bc8
63. Be7 Ne6 64. Nf5 Ba6 65. Nd6 Kh6 66. b7 Bxb7 67. Nxb7 Kxh5 68. Nd8 Nxd8
69. Bxd8 Kg4 70. Bc7 Kf5 71. Kf3 f6 72. exf6 Kxf6 73. Kf4 Ke6 74. Kg5 Kd7
75. Bb6 1-0

[Event "44th Olympiad Women 2022"]
[Site "Chennai IND"]
[Date "2022.07.29"]
[Round "1.16"]
[White "Karavade, Eesha"]
[Black "Kannappan, Sigappi"]
[Result "1-0"]
[WhiteElo "2339"]
[BlackElo "1914"]
[EventDate "2022.07.29"]
[Board "1"]
[WhiteFideId "5012600"]
[BlackFideId "6000711"]

1. Nf3 Nf6 2. c4 g6 3. d4 Bg7 4. Nc3 O-O 5. e4 d6 6. h3 e5 7. d5 Nh5 8. g3
f5 9. exf5 gxf5 10. Ng5 Nf6 11. g4 h6 12. Ne6 Bxe6 13. dxe6 Ne4 14. Nxe4
fxe4 15. Qd5 c6 16. Qxe4 d5 17. Qc2 Na6 18. a3 Rc8 19. g5 hxg5 20. Rg1 Qf6
21. Bxg5 Qxe6 22. Be2 Qf5 23. Qxf5 Rxf5 24. Bg4 Rxg5 25. Be6+ Kh7 26. Rxg5
Rc7 27. cxd5 cxd5 28. Bxd5 Nc5 29. Ke2 Nd7 30. Rag1 Nf6 31. Rxg7+ Rxg7 32.
Rxg7+ Kxg7 33. Bxb7 Kg6 34. b4 Kf5 35. Ke3 e4 36. b5 Ke5 37. a4 Nd7 38.
Bxe4 Nb6 39. f4+ Kf6 40. Bc2 Nd5+ 41. Ke4 Nc3+ 42. Kf3 Nd5 43. a5 Ke7 44.
Be4 Nb4 45. b6 axb6 46. axb6 Kd6 47. h4 Kc5 48. b7 Na6 49. h5 1-0

[Event "44th Olympiad Women 2022"]
[Site "Chennai IND"]
[Date "2022.07.29"]
[Round "1.17"]
[White "Miller, Rachel"]
[Black "Roebers, Eline"]
[Result "0-1"]
[WhiteElo "1961"]
[BlackElo "2344"]
[EventDate "2022.07.29"]
[Board "1"]
[WhiteFideId "7401302"]
[BlackFideId "1058401"]

1. e4 c5 2. Nf3 e6 3. g3 Nc6 4. Bg2 Nf6 5. Qe2 e5 6. O-O Be7 7. c3 O-O 8.
Na3 Re8 9. d3 h6 10. Nc4 Bf8 11. Ne3 d5 12. Nh4 Be6 13. Nhf5 d4 14. Nc2 Qd7
15. g4 g6 16. Nxh6+ Bxh6 17. Bxh6 Bxg4 18. f3 Be6 19. c4 Nh5 20. Qd2 f6 21.
f4 exf4 22. Bxf4 Qe7 23. e5 Nxe5 24. Bxe5 fxe5 25. Rae1 Qg7 26. Qg5 Nf4 0-1

[Event "44th Olympiad Women 2022"]
[Site "Chennai IND"]
[Date "2022.07.29"]
[Round "1.17"]
[White "Peng, Zhaoqin"]
[Black "Clarke, Adani"]
[Result "1-0"]
[WhiteElo "2349"]
[BlackElo "1812"]
[EventDate "2022.07.29"]
[Board "2"]
[WhiteFideId "1004786"]
[BlackFideId "7402082"]

1. c4 e6 2. Nc3 b6 3. e4 Bb7 4. Nf3 Bb4 5. Bd3 Ne7 6. O-O O-O 7. Re1 d5 8.
cxd5 exd5 9. e5 h6 10. a3 Bxc3 11. dxc3 c5 12. Nh4 f5 13. Qh5 Qe8 14. Qxe8
Rxe8 15. Nxf5 Nxf5 16. Bxf5 Nc6 17. f4 Rad8 18. Bd2 Na5 19. Bg6 Re7 20.
Rad1 Bc6 21. Bc2 Be8 22. h3 Nc6 23. b4 Bf7 24. Ba4 Rc8 25. Be3 Nd8 26. bxc5
bxc5 27. Bf2 Rb7 28. f5 Nc6 29. Bxc6 Rxc6 30. e6 Be8 31. Rxd5 Rb3 32. Bxc5
Rc8 33. f6 gxf6 34. Bd4 Rxa3 35. Re3 Ra6 36. Bxf6 Ra1+ 37. Kh2 Ra6 38. Rd7
Bxd7 39. exd7 Rb8 40. Re8+ 1-0

[Event "44th Olympiad Women 2022"]
[Site "Chennai IND"]
[Date "2022.07.29"]
[Round "1.18"]
[White "Injac, Teodora"]
[Black "Wijesuriya, G P Y"]
[Result "1-0"]
[WhiteElo "2372"]
[BlackElo "1579"]
[EventDate "2022.07.29"]
[Board "1"]
[WhiteFideId "932400"]
[BlackFideId "9906959"]

1. Nf3 d5 2. g3 Nf6 3. Bg2 e6 4. O-O Nc6 5. d4 a6 6. c3 Bd6 7. Bg5 O-O 8.
Nbd2 e5 9. e4 exd4 10. exd5 Ne5 11. Nxe5 Bxe5 12. Nc4 Bd6 13. Nxd6 Qxd6 14.
Qxd4 Ne8 15. Rfe1 f6 16. Bf4 Qd8 17. c4 Rf7 18. c5 Bf5 19. d6 cxd6 20. Bd5
dxc5 21. Qxc5 Bg6 22. Rad1 Qc8 23. Qe7 h6 24. Bxf7+ Bxf7 25. Rd7 Bg6 26.
Rc1 Bc2 27. Rd2 Qc4 28. Rdxc2 Qxa2 29. Rc8 1-0

[Event "44th Olympiad Women 2022"]
[Site "Chennai IND"]
[Date "2022.07.29"]
[Round "1.18"]
[White "Ranasinghe, S D"]
[Black "Blagojevic, Tijana"]
[Result "0-1"]
[WhiteElo "1687"]
[BlackElo "2330"]
[EventDate "2022.07.29"]
[Board "2"]
[WhiteFideId "9902651"]
[BlackFideId "16500270"]

1. Nf3 d5 2. g3 Nd7 3. c4 dxc4 4. Qa4 a6 5. Qxc4 b5 6. Qe4 Rb8 7. Bg2 Ngf6
8. Qc2 Bb7 9. O-O c5 10. d3 e6 11. a4 Qb6 12. Bd2 Be7 13. axb5 axb5 14. Ba5
Qc6 15. Nc3 O-O 16. Nh4 Qc8 17. e4 Bc6 18. Ne2 Qb7 19. Bc3 Rfc8 20. f4 c4
21. e5 cxd3 22. Qxd3 Nc5 23. Bxc6 Qxc6 24. Qf3 Qxf3 25. Nxf3 Nd5 26. Ra7
Bd8 27. Bd4 Bb6 28. Ra3 b4 29. Ra2 h6 30. Rd1 Rd8 31. Bf2 Rd7 32. Rda1 Kh7
33. Ra8 Rbb7 34. Rc8 Rdc7 35. Rxc7 Rxc7 36. Kf1 Nd3 37. Bxb6 Nxb6 38. b3
Nd5 39. Ned4 Nc3 40. Ra8 Rd7 41. Nc6 Rc7 42. Nfd4 g5 43. fxg5 hxg5 44. Rb8
Nd5 45. Kg2 g4 46. Kf1 Kg7 47. Ra8 Nb6 48. Ra6 Nd7 49. Nb5 Rc8 50. Nd6 Rh8
51. Nc4 Rxh2 52. Ra7 N7c5 53. Ne3 Rf2+ 54. Kg1 Rf3 55. Nc4 Rxg3+ 56. Kh2
Rh3+ 57. Kg1 Ne4 58. Nd6 Ng5 59. Ne8+ Kh6 60. Nf6 Nf3+ 61. Kg2 Nf4+ 62. Kf2
Nd3+ 63. Kg2 Nde1+ 64. Kf1 g3 65. Ng4+ Kg5 66. Ne3 Rh1+ 67. Ke2 Rh2+ 68.
Kd1 Nd3 69. Nf1 g2 0-1

[Event "44th Olympiad Women 2022"]
[Site "Chennai IND"]
[Date "2022.07.29"]
[Round "1.21"]
[White "Toma, Katarzyna"]
[Black "Elfelo, Eklas"]
[Result "1-0"]
[WhiteElo "2303"]
[BlackElo "1562"]
[EventDate "2022.07.29"]
[Board "2"]
[WhiteFideId "1119907"]
[BlackFideId "9201254"]

1. e4 c5 2. Nf3 Nf6 3. e5 Nd5 4. Nc3 e6 5. Nxd5 exd5 6. d4 c4 7. g3 d6 8.
Bg2 Bg4 9. h3 Bh5 10. Qe2 Qe7 11. O-O Nc6 12. c3 dxe5 13. dxe5 Nxe5 14.
Qxe5 Bxf3 15. Qxe7+ Bxe7 16. Bxf3 O-O 17. Bxd5 Rab8 18. Bxc4 b5 19. Bb3 Bc5
20. Bf4 Rbd8 21. Rad1 a5 22. Bc7 Ra8 23. Rd5 a4 24. Rxc5 axb3 25. axb3 Ra2
26. Rxb5 Rxb2 27. c4 Re8 28. Rd1 h6 29. Rd8 Rxd8 30. Bxd8 Kf8 31. c5 Rc2
32. b4 g5 33. Bf6 Ke8 34. Rb7 Rc4 35. Kg2 Rc2 36. Be7 Rc4 37. b5 Re4 38.
Bd6 Kd8 39. b6 Rb4 40. c6 Kc8 41. Rxf7 Rxb6 42. Rf8# 1-0

[Event "44th Olympiad Women 2022"]
[Site "Chennai IND"]
[Date "2022.07.29"]
[Round "1.23"]
[White "Henderson de La Fuente, Andrea"]
[Black "Movsesian, Julia"]
[Result "0-1"]
[WhiteElo "1962"]
[BlackElo "2291"]
[EventDate "2022.07.29"]
[Board "1"]
[WhiteFideId "32096577"]
[BlackFideId "4139690"]

1. e4 e5 2. Nf3 Nc6 3. Bb5 a6 4. Ba4 Nf6 5. d3 b5 6. Bb3 Be7 7. O-O O-O 8.
Re1 d6 9. a3 Be6 10. c3 Na5 11. Bc2 c5 12. d4 cxd4 13. cxd4 exd4 14. Nxd4
Bd7 15. Nc3 Rc8 16. Re3 Bg4 17. f3 Bd7 18. b3 Nc6 19. Bb2 Nxd4 20. Qxd4 d5
21. b4 Rc4 22. Qe5 d4 23. Nd5 Nxd5 0-1

[Event "44th Olympiad Women 2022"]
[Site "Chennai IND"]
[Date "2022.07.29"]
[Round "1.23"]
[White "Worek, Joanna"]
[Black "De la Riva Real, Ariadna"]
[Result "1/2-1/2"]
[WhiteElo "2280"]
[BlackElo "1649"]
[EventDate "2022.07.29"]
[Board "2"]
[WhiteFideId "1118080"]
[BlackFideId "6901018"]

1. e4 c5 2. Nc3 g6 3. d4 cxd4 4. Qxd4 Nf6 5. Bg5 Nc6 6. Qd2 Bg7 7. f3 d6 8.
Bc4 Bd7 9. Nge2 Ne5 10. Bb3 b5 11. O-O O-O 12. Kh1 Rb8 13. Rad1 Kh8 14. f4
Nc4 15. Bxc4 bxc4 16. e5 Ne8 17. b3 cxb3 18. cxb3 f6 19. exf6 Bxf6 20. Bh6
Bg7 21. Bxg7+ Nxg7 22. Ne4 Bc6 23. Ng5 Qd7 24. Nd4 Bb7 25. Qe2 Rbe8 26. b4
Nf5 27. Nde6 Rf6 28. Nc5 Qc7 29. Nxb7 Qxb7 30. a3 e5 31. Rfe1 h6 32. Nf3 e4
33. Nd4 Qb6 34. Nb3 Qc6 35. Qb2 Rf8 36. Rc1 Qd5 37. Rcd1 Qc6 38. Na5 Qe8
39. g4 Ng7 40. g5 hxg5 41. fxg5 Rf2 42. Qd4 Qe7 43. Rxe4 Qxg5 44. Rh4+ Kg8
45. Qc4+ d5 46. Qxd5+ Qxd5+ 47. Rxd5 Rf1+ 48. Kg2 R8f2+ 49. Kh3 Rf3+ 50.
Kg2 R3f2+ 51. Kh3 Rf3+ 1/2-1/2

[Event "44th Olympiad Women 2022"]
[Site "Chennai IND"]
[Date "2022.07.29"]
[Round "1.24"]
[White "Vo, Thi Kim Phung"]
[Black "Chuemsakul, Sarocha"]
[Result "1-0"]
[WhiteElo "2333"]
[BlackElo "1684"]
[EventDate "2022.07.29"]
[Board "1"]
[WhiteFideId "12401838"]
[BlackFideId "6203710"]

1. d4 Nf6 2. c4 e6 3. Nc3 d5 4. Bg5 Be7 5. e3 Nbd7 6. Nf3 O-O 7. Qc2 Re8 8.
cxd5 exd5 9. Bd3 c6 10. O-O h6 11. Bf4 Nh5 12. Nxd5 Nxf4 13. Nxf4 Bd6 14.
Rfd1 Qc7 15. Nh5 Nb6 16. e4 Bg4 17. Ng3 Bf4 18. Be2 Qe7 19. e5 Bxg3 20.
hxg3 Nd5 21. Nh4 Bxe2 22. Qxe2 g6 23. Rac1 Kg7 24. Qd3 Rad8 25. a3 a5 26.
Qb3 Ra8 27. Nf3 Rec8 28. Nd2 a4 29. Qf3 h5 30. Ne4 Rh8 31. Nc3 Nb6 32. d5
Nc4 33. Qf6+ Qxf6 34. exf6+ Kh6 35. dxc6 bxc6 36. Ne4 Ne5 37. Rc5 Ng4 38.
f3 Ne3 39. Rd3 Nd5 40. Rxc6 Rhd8 41. Nd6 Rd7 42. Rxd5 1-0